000
00396nam a22001697a 4500
003
MPLRDC
005
20220104113815.0
008
210129b ||||| |||| 00| 0 eng d
082
_a
782.881 LX-21
100
_a
--
245
_a
鲁迅
_c
250
_a
初版
260
_a
中国
_b
文物出版社
_c
1976
300
_b
精
650
_a
中国人物传记--鲁迅
942
_c
BK
_o
782.881 LX-21
999
_c
2515
_d
2505